[Event "10. Open Internacional de Galapagar"]
[Site "Galapagar ESP"]
[Date "2009.07.18"]
[Round "1.1"]
[White "Ortiz Suarez, Isam"]
[Black "Suarez Paz, Alfonso"]
[Result "1-0"]
[WhiteElo "2504"]
[BlackElo "1903"]
[PlyCount "45"]
[EventDate "2009.07.18"]
[EventType "swiss"]
[EventRounds "9"]
[EventCountry "ESP"]
[Source "lmi"]
[SourceDate "2009.07.18"]

1. e4 e5 2. Nf3 d6 3. d4 exd4 4. Nxd4 Nf6 5. Nc3 Be7 6. Bc4 O-O 7. O-O Nxe4 8.
Nxe4 d5 9. Bd3 dxe4 10. Bxe4 Nd7 11. c3 Nf6 12. Bf3 h6 13. h3 Nh7 14. Qb3 c6
15. Re1 Bg5 16. Be3 Qc7 17. Qc4 a6 18. Rad1 Bd7 19. Nb3 Bxe3 20. Rxe3 Ng5 21.
Re7 Nxf3+ 22. gxf3 Rad8 23. Qd4 1-0

[Event "10. Open Internacional de Galapagar"]
[Site "Galapagar ESP"]
[Date "2009.07.18"]
[Round "1.2"]
[White "Pascual Perdiguero, Jose Maria"]
[Black "Almagro Llamas, Pablo"]
[Result "0-1"]
[WhiteElo "1948"]
[BlackElo "2489"]
[PlyCount "56"]
[EventDate "2009.07.18"]
[EventType "swiss"]
[EventRounds "9"]
[EventCountry "ESP"]
[Source "lmi"]
[SourceDate "2009.07.18"]

1. c4 c6 2. Nf3 d5 3. e3 Nf6 4. Nc3 a6 5. a4 e6 6. Be2 Nbd7 7. d4 Bd6 8. cxd5
exd5 9. Bd2 O-O 10. O-O Re8 11. Qc2 a5 12. Bd3 Qe7 13. Rfe1 Ne4 14. Re2 Ndf6
15. h3 Bc7 16. Be1 Bf5 17. Nh4 Qd6 18. f4 Nxc3 19. Bxc3 Bxd3 20. Qxd3 Ne4 21.
Nf3 Qg6 22. Ne5 Qh5 23. Be1 f6 24. Ng4 Re6 25. Nf2 Rae8 26. g4 Nxf2 27. Rxf2
Qxh3 28. Rh2 Qxe3+ 0-1

[Event "10. Open Internacional de Galapagar"]
[Site "Galapagar ESP"]
[Date "2009.07.18"]
[Round "1.4"]
[White "Tolosana Esteban, Enrique"]
[Black "Roa Alonso, Santiago"]
[Result "0-1"]
[WhiteElo "1861"]
[BlackElo "2445"]
[PlyCount "164"]
[EventDate "2009.07.18"]
[EventType "swiss"]
[EventRounds "9"]
[EventCountry "ESP"]
[Source "lmi"]
[SourceDate "2009.07.18"]

1. e4 c5 2. c3 Nf6 3. e5 Nd5 4. d4 cxd4 5. cxd4 d6 6. Nf3 Nc6 7. Qb3 dxe5 8.
dxe5 e6 9. a3 Be7 10. Nc3 Nxc3 11. Qxc3 O-O 12. Be2 Bd7 13. Be3 Rc8 14. Qd2 Qc7
15. O-O Rfd8 16. Rac1 Be8 17. Qc2 Qb8 18. Qe4 Rd7 19. Rc3 Rcd8 20. Bc5 Bxc5 21.
Rxc5 h6 22. Rc3 Nd4 23. Nxd4 Rxd4 24. Qe3 Bc6 25. Bd3 R8d7 26. Rfc1 Qd8 27. Bf1
a5 28. h3 a4 29. Kh2 Re4 30. Qxe4 Bxe4 31. Rc8 Bc6 32. Rxd8+ Rxd8 33. Rc2 Rd5
34. f4 g5 35. g3 Rd4 36. Rf2 gxf4 37. gxf4 Kg7 38. Kg3 Kg6 39. Be2 Be4 40. Bb5
Bf5 41. h4 Kg7 42. Kf3 f6 43. exf6+ Kxf6 44. Ke3 Re4+ 45. Kd2 Ke7 46. Kc3 Kd6
47. Rf3 Bg4 48. Rf2 Kc5 49. Bf1 b5 50. Bg2 Re3+ 51. Kd2 Rb3 52. Kc2 Kd4 53. Bc6
Ke3 54. Rf1 Bf5+ 55. Kc1 Kd4 56. Re1 Kc5 57. Bd7 Kd6 58. Be8 Rf3 59. Re5 Rxf4
60. Rxb5 Rxh4 61. Ra5 Rc4+ 62. Kd1 Bc2+ 63. Kd2 Bb3 64. Bg6 Rg4 65. Bd3 Rg5 66.
Ra8 Rg2+ 67. Kc3 Rg3 68. Rh8 Rh3 69. Rf8 h5 70. Rf4 h4 71. Rd4+ Kc5 72. Rd8 Bd5
73. Kd2 Rg3 74. Rc8+ Kd4 75. Bf1 Rf3 76. Be2 Rb3 77. Kc1 h3 78. Rh8 Rg3 79. Kd2
e5 80. Bf1 Bg2 81. Ke1 Re3+ 82. Kf2 Rf3+ 0-1

[Event "10. Open Internacional de Galapagar"]
[Site "Galapagar ESP"]
[Date "2009.07.18"]
[Round "1.5"]
[White "Candela Perez, Jose"]
[Black "De Armentia Roldan, Benigno"]
[Result "1-0"]
[WhiteElo "2411"]
[BlackElo "1946"]
[PlyCount "61"]
[EventDate "2009.07.18"]
[EventType "swiss"]
[EventRounds "9"]
[EventCountry "ESP"]
[Source "lmi"]
[SourceDate "2009.07.18"]

1. e4 c5 2. Nf3 Nc6 3. d4 cxd4 4. Nxd4 Qc7 5. Nc3 e6 6. Be2 a6 7. O-O Nf6 8.
Be3 Be7 9. f4 d6 10. Bf3 O-O 11. a4 Bd7 12. g4 Nxd4 13. Bxd4 Bc6 14. a5 Nd7 15.
Be3 b5 16. axb6 Nxb6 17. Kh1 Qb7 18. Bd4 Rfd8 19. Qe2 Nd7 20. Ra2 Nf6 21. g5
Ne8 22. Bg2 Nc7 23. Qg4 Nb5 24. Nxb5 Bxb5 25. Re1 Bc6 26. Ra3 d5 27. Rh3 dxe4
28. Qh5 f6 29. Qxh7+ Kf8 30. Qh8+ Kf7 31. g6+ 1-0

[Event "10. Open Internacional de Galapagar"]
[Site "Galapagar ESP"]
[Date "2009.07.18"]
[Round "1.7"]
[White "Gomez Ledo, Roberto Carlos"]
[Black "Gonzalo Gonzalez, Francisco"]
[Result "1-0"]
[WhiteElo "2404"]
[BlackElo "1910"]
[PlyCount "67"]
[EventDate "2009.07.18"]
[EventType "swiss"]
[EventRounds "9"]
[EventCountry "ESP"]
[Source "lmi"]
[SourceDate "2009.07.18"]

1. d4 e5 2. dxe5 Nc6 3. Nf3 Qe7 4. Bd2 Nxe5 5. Nxe5 Qxe5 6. Bc3 Qe6 7. Nd2 Nf6
8. e3 Nd5 9. Bd3 Nxc3 10. bxc3 Qc6 11. O-O Qxc3 12. Ne4 Qc6 13. Rb1 Be7 14. Qh5
Qg6 15. Qe5 d6 16. Qc3 Bf5 17. Ng3 Bxd3 18. cxd3 O-O-O 19. Rfc1 c5 20. e4 Rd7
21. Nf5 Bf6 22. Qb3 b6 23. Qa4 Bg5 24. Qc6+ Rc7 25. Qa8+ Kd7 26. Qxh8 Bxc1 27.
Rxc1 Qg5 28. Rd1 g6 29. Ne3 Qh5 30. Qf6 Kc6 31. f3 b5 32. Nd5 Rd7 33. Qh8 Kb7
34. Qe8 1-0

[Event "10. Open Internacional de Galapagar"]
[Site "Galapagar ESP"]
[Date "2009.07.18"]
[Round "1.8"]
[White "Bolea Olivan, Jose Angel"]
[Black "Perez Gonzalez, Jose Manuel"]
[Result "0-1"]
[WhiteElo "1879"]
[BlackElo "2320"]
[PlyCount "70"]
[EventDate "2009.07.18"]
[EventType "swiss"]
[EventRounds "9"]
[EventCountry "ESP"]
[Source "lmi"]
[SourceDate "2009.07.18"]

1. d4 Nf6 2. c4 c5 3. d5 b5 4. cxb5 a6 5. f3 axb5 6. e4 Qa5+ 7. Bd2 b4 8. Na3
d6 9. Nc4 Qd8 10. Bg5 Nbd7 11. Nh3 g6 12. Bd3 Bg7 13. O-O O-O 14. Qd2 Nb6 15.
Nf2 Nxc4 16. Bxc4 Ba6 17. Bxa6 Rxa6 18. Bh6 Bxh6 19. Qxh6 Qa8 20. a3 bxa3 21.
bxa3 Rxa3 22. Rxa3 Qxa3 23. f4 Qe3 24. Kh1 Rb8 25. Qh4 c4 26. e5 dxe5 27. d6
Qxf4 28. Qxf4 exf4 29. dxe7 Nd5 30. Re1 Nxe7 31. h4 Nf5 32. Rc1 Rb2 33. Nh3 f3
34. Rxc4 Ng3+ 35. Kg1 Rxg2# 0-1

[Event "10. Open Internacional de Galapagar"]
[Site "Galapagar ESP"]
[Date "2009.07.18"]
[Round "1.9"]
[White "Sanchez Gonzalez, Sergio"]
[Black "Gonzalez Ayuso, Gonzalo"]
[Result "1-0"]
[WhiteElo "2305"]
[BlackElo "1825"]
[PlyCount "107"]
[EventDate "2009.07.18"]
[EventType "swiss"]
[EventRounds "9"]
[EventCountry "ESP"]
[Source "lmi"]
[SourceDate "2009.07.18"]

1. c4 Nf6 2. Nc3 e6 3. e4 d5 4. e5 d4 5. exf6 dxc3 6. bxc3 Qxf6 7. Nf3 c5 8. d4
Qd8 9. Be2 Be7 10. O-O O-O 11. Be3 b6 12. Qb3 Qc7 13. a4 Nc6 14. d5 Na5 15. Qc2
Bd6 16. Ng5 g6 17. g3 Qe7 18. dxe6 Bxe6 19. Nxe6 Qxe6 20. Bf3 Rad8 21. Bg5 Be7
22. Rae1 Qxe1 23. Rxe1 Bxg5 24. Bd5 Kg7 25. Qe4 Bf6 26. Qf4 Rd7 27. Re3 Rfd8
28. h4 h6 29. Rf3 Rd6 30. g4 g5 31. hxg5 hxg5 32. Qh2 Nc6 33. Rh3 Ne5 34. Rh7+
Kf8 35. Qh6+ Ke7 36. Qh5 Rxd5 37. cxd5 Rxd5 38. Kg2 Rd3 39. Qh2 Rxc3 40. Rh3
Rc4 41. Re3 Rxg4+ 42. Kf1 Ke6 43. Qh3 Kf5 44. Rxe5+ Bxe5 45. f3 f6 46. Qxg4+
Kg6 47. Qe4+ Kg7 48. Qb7+ Kh6 49. Qxa7 Bd4 50. Qxb6 Kh5 51. a5 Kh4 52. a6 Kg3
53. a7 Kxf3 54. a8=Q+ 1-0

[Event "10. Open Internacional de Galapagar"]
[Site "Galapagar ESP"]
[Date "2009.07.18"]
[Round "1.11"]
[White "Fernandez Garcia, Miguel Angel"]
[Black "Madurga Lopez, Ignacio"]
[Result "1-0"]
[WhiteElo "2269"]
[BlackElo "1816"]
[PlyCount "61"]
[EventDate "2009.07.18"]
[EventType "swiss"]
[EventRounds "9"]
[EventCountry "ESP"]
[Source "lmi"]
[SourceDate "2009.07.18"]

1. d4 Nf6 2. c4 c5 3. d5 b5 4. Qc2 g6 5. e4 d6 6. cxb5 a6 7. Bd2 Bg7 8. Bc3 O-O
9. Nd2 axb5 10. Bxb5 Ba6 11. Bxa6 Nxa6 12. Ngf3 Nc7 13. O-O Nb5 14. a4 Nxc3 15.
bxc3 Qa5 16. Ra3 Nd7 17. Nc4 Qa6 18. Qa2 Ra7 19. Rb1 Rfa8 20. h3 Qc8 21. Rb5
Ra6 22. Qb3 R8a7 23. a5 Qc7 24. Ra1 h6 25. Rb1 Kh7 26. Qc2 e6 27. dxe6 fxe6 28.
Qd3 Nf6 29. e5 d5 30. exf6 dxc4 31. Qe4 1-0

[Event "10. Open Internacional de Galapagar"]
[Site "Galapagar ESP"]
[Date "2009.07.18"]
[Round "1.13"]
[White "Castano Vanegas, Henry Augusto"]
[Black "Guisado Gomez, Francisco"]
[Result "1-0"]
[WhiteElo "2237"]
[BlackElo "1799"]
[PlyCount "67"]
[EventDate "2009.07.18"]
[EventType "swiss"]
[EventRounds "9"]
[EventCountry "ESP"]
[Source "lmi"]
[SourceDate "2009.07.18"]

1. e4 c5 2. Nf3 e6 3. d4 cxd4 4. Nxd4 Nc6 5. Nc3 Qc7 6. Be2 a6 7. Be3 Nf6 8. a3
Be7 9. O-O b6 10. Nb3 d6 11. f4 Bb7 12. Qe1 Rc8 13. Bf3 h5 14. Qg3 Ng4 15. Bxg4
hxg4 16. Qxg4 Bf6 17. Rad1 Ke7 18. Rd3 Rh4 19. Qg3 Rch8 20. h3 Na7 21. Rfd1 Nb5
22. Nxb5 axb5 23. e5 Qxc2 24. exf6+ gxf6 25. Qf2 Qxd1+ 26. Rxd1 Rxh3 27. gxh3
Rxh3 28. Kf1 b4 29. Nd4 bxa3 30. bxa3 Ba6+ 31. Kg2 Rh7 32. Nc6+ Ke8 33. Rxd6
Rg7+ 34. Kf3 1-0

[Event "10. Open Internacional de Galapagar"]
[Site "Galapagar ESP"]
[Date "2009.07.18"]
[Round "1.14"]
[White "Galan Aguado, Fernando"]
[Black "Ramirez Garcia, Jorge Alberto"]
[Result "0-1"]
[WhiteElo "1793"]
[BlackElo "2203"]
[PlyCount "64"]
[EventDate "2009.07.18"]
[EventType "swiss"]
[EventRounds "9"]
[EventCountry "ESP"]
[Source "lmi"]
[SourceDate "2009.07.18"]

1. d4 d5 2. Nf3 Nf6 3. e3 Bg4 4. Nbd2 e6 5. c4 c6 6. Bd3 Nbd7 7. O-O Bd6 8. b3
O-O 9. Bb2 e5 10. cxd5 cxd5 11. dxe5 Nxe5 12. Be2 Ng6 13. h3 Bd7 14. Bd3 Re8
15. Rc1 Ne4 16. Bb1 Qe7 17. Nd4 Nh4 18. N2f3 Rad8 19. Qe2 a6 20. Rfd1 Bb8 21.
a4 Qf6 22. Nxh4 Qxh4 23. Nf3 Qh5 24. Nd4 Qh6 25. Qf3 Ng5 26. Qxd5 Bxh3 27. Qxb7
Bg4 28. g3 Rxd4 29. Rxd4 Bf3 30. Rh4 Bxb7 31. Rxh6 gxh6 32. Rc4 Nf3+ 0-1

[Event "10. Open Internacional de Galapagar"]
[Site "Galapagar ESP"]
[Date "2009.07.18"]
[Round "1.15"]
[White "Perez Marco, Ricardo"]
[Black "Garcia Ines Sanchez, Gustavo"]
[Result "1-0"]
[WhiteElo "2199"]
[BlackElo "1742"]
[PlyCount "47"]
[EventDate "2009.07.18"]
[EventType "swiss"]
[EventRounds "9"]
[EventCountry "ESP"]
[Source "lmi"]
[SourceDate "2009.07.18"]

1. e4 c5 2. Nf3 d6 3. d4 cxd4 4. Nxd4 Nf6 5. Nc3 a6 6. f4 e6 7. Be2 Be7 8. a4
O-O 9. O-O Nc6 10. Be3 Qc7 11. Kh1 Bd7 12. Qe1 Rfe8 13. Rd1 Rac8 14. Qg3 Nxd4
15. Bxd4 Bc6 16. Bd3 d5 17. exd5 Nh5 18. Qh3 Bf6 19. Bxh7+ Kf8 20. Bc5+ Be7 21.
Bxe7+ Qxe7 22. Qxh5 exd5 23. Bf5 Kg8 24. Qh7+ 1-0

[Event "10. Open Internacional de Galapagar"]
[Site "Galapagar ESP"]
[Date "2009.07.18"]
[Round "1.16"]
[White "Isasa Moreira, Conrado"]
[Black "Semprun Martinez, Fernando"]
[Result "0-1"]
[WhiteElo "1732"]
[BlackElo "2192"]
[PlyCount "106"]
[EventDate "2009.07.18"]
[EventType "swiss"]
[EventRounds "9"]
[EventCountry "ESP"]
[Source "lmi"]
[SourceDate "2009.07.18"]

1. Nf3 c5 2. c4 Nc6 3. g3 g6 4. Bg2 Bg7 5. Nc3 e5 6. e4 Nge7 7. O-O O-O 8. d3
d6 9. a3 f5 10. Rb1 a5 11. Bg5 h6 12. Bxe7 Qxe7 13. Nd5 Qd8 14. Qb3 a4 15. Qb6
Ra6 16. Qxd8 Rxd8 17. Nh4 Kh7 18. Bh3 f4 19. Bxc8 Rxc8 20. Kg2 Rf8 21. Nc7 Rb6
22. Nd5 Rb3 23. Rfd1 Nd4 24. Nf3 fxg3 25. Nxd4 exd4 26. fxg3 b5 27. cxb5 Rxb5
28. Nc7 Rb3 29. Ne6 Rfb8 30. Rd2 Kg8 31. Nxg7 Kxg7 32. Kh3 Rxa3 33. bxa3 Rxb1
34. Kg4 Rb3 35. Kf4 Rxa3 36. e5 Kf7 37. exd6 Ke6 38. Ke4 Kxd6 39. Rf2 Ke7 40.
Rb2 Rb3 41. Rc2 Rb5 42. Ra2 Ra5 43. Kd5 a3 44. Kc4 Kd6 45. Kb3 Kd5 46. Rf2 a2
47. Rxa2 Rxa2 48. Kxa2 c4 49. Kb2 cxd3 50. Kc1 g5 51. Kd2 Ke4 52. Kd1 Ke3 53.
Ke1 g4 0-1

[Event "10. Open Internacional de Galapagar"]
[Site "Galapagar ESP"]
[Date "2009.07.18"]
[Round "1.17"]
[White "Prada Lopez, Miguel Angel"]
[Black "Ananian, Arman"]
[Result "1-0"]
[WhiteElo "2174"]
[BlackElo "1793"]
[PlyCount "63"]
[EventDate "2009.07.18"]
[EventType "swiss"]
[EventRounds "9"]
[EventCountry "ESP"]
[Source "lmi"]
[SourceDate "2009.07.18"]

1. Nf3 Nf6 2. g3 g6 3. Bg2 Bg7 4. O-O d6 5. d3 O-O 6. c4 e5 7. Nc3 c5 8. Rb1
Nc6 9. a3 a5 10. Ne1 Be6 11. Nd5 Rb8 12. Bg5 Bxd5 13. Bxd5 h6 14. Bxf6 Bxf6 15.
Qa4 Ne7 16. Bg2 b6 17. b4 axb4 18. axb4 Bg7 19. Nc2 f5 20. bxc5 bxc5 21. Qa7
Rxb1 22. Rxb1 Nc8 23. Qa6 Re8 24. Rb8 Qc7 25. Rb7 Qd8 26. Bc6 Rf8 27. Rd7 Qf6
28. Ne3 Ne7 29. Rxd6 Qxd6 30. Bd5+ Qxd5 31. cxd5 Rf6 32. d6 1-0

[Event "10. Open Internacional de Galapagar"]
[Site "Galapagar ESP"]
[Date "2009.07.18"]
[Round "1.18"]
[White "Cavalle Pulla, Daniel"]
[Black "Sanchez Alarcos Galian, Victor"]
[Result "0-1"]
[WhiteElo "1897"]
[BlackElo "2180"]
[PlyCount "37"]
[EventDate "2009.07.18"]
[EventType "swiss"]
[EventRounds "9"]
[EventCountry "ESP"]
[Source "lmi"]
[SourceDate "2009.07.18"]

1. e4 c5 2. Nf3 e6 3. d4 cxd4 4. Nxd4 Nc6 5. Nxc6 bxc6 6. c4 Nf6 7. Nc3 Bb4 8.
Bd2 Bxc3 9. Bxc3 Nxe4 10. Qg4 Nxc3 11. Qxg7 Rf8 12. Qxc3 c5 13. Bd3 Bb7 14.
Bxh7 Qh4 15. Qg7 Qxc4 16. h4 Ba6 17. Qe5 Qb4+ 18. Qc3 Qg4 19. g3 0-1

[Event "10. Open Internacional de Galapagar"]
[Site "Galapagar ESP"]
[Date "2009.07.18"]
[Round "1.19"]
[White "Algaba Traspuesto, Jose Antonio"]
[Black "Lopez de Turiso, Jose Angel"]
[Result "0-1"]
[WhiteElo "1746"]
[BlackElo "2087"]
[PlyCount "90"]
[EventDate "2009.07.18"]
[EventType "swiss"]
[EventRounds "9"]
[EventCountry "ESP"]
[Source "lmi"]
[SourceDate "2009.07.18"]

1. c4 c5 2. Nc3 Nc6 3. g3 g6 4. Bg2 Bg7 5. Nf3 Nf6 6. O-O O-O 7. d3 Rb8 8. Rb1
a6 9. Bg5 d6 10. Qd2 Re8 11. a3 b5 12. Bxf6 Bxf6 13. Nd5 Bg7 14. b4 bxc4 15.
dxc4 Bf5 16. Rbe1 cxb4 17. Nxb4 Nxb4 18. axb4 Qb6 19. e4 Be6 20. Rb1 Bxc4 21.
Rfc1 Rec8 22. Ne1 Qd4 23. Qf4 Be5 24. Qh4 Bf6 25. Qf4 Ba2 26. Nf3 Rxc1+ 27.
Rxc1 Qxb4 28. Qe3 Qb2 29. Re1 a5 30. Re2 Qb3 31. Qd2 Qb1+ 32. Bf1 Rb2 33. Re1
Rxd2 34. Rxb1 Bxb1 35. Nxd2 Bc2 36. Nc4 a4 37. f4 Bd4+ 38. Kg2 Bxe4+ 39. Kh3
Bc5 40. Nd2 Bc2 41. Bc4 Bb4 42. Nf3 Bb3 43. Bd3 a3 44. Nd4 Bd5 45. Nc2 Bc5 0-1

[Event "10. Open Internacional de Galapagar"]
[Site "Galapagar ESP"]
[Date "2009.07.18"]
[Round "1.19"]
[White "Fernandez Blazquez, Diego"]
[Black "Carrasco Espasandin, Pablo"]
[Result "1-0"]
[WhiteElo "2108"]
[BlackElo "1785"]
[PlyCount "119"]
[EventDate "2009.07.18"]
[EventType "swiss"]
[EventRounds "9"]
[EventCountry "ESP"]
[Source "lmi"]
[SourceDate "2009.07.18"]

1. d4 d5 2. c4 c6 3. Nf3 Nf6 4. e3 e6 5. Nc3 Bb4 6. Qb3 Ba5 7. Bd3 Qb6 8. Qc2
dxc4 9. Bxc4 Nbd7 10. O-O Qc7 11. a3 b5 12. Be2 O-O 13. b4 Bb6 14. Ne4 Nxe4 15.
Qxe4 Nf6 16. Qh4 Qd6 17. Bb2 Nd5 18. Bd3 h6 19. e4 Bd8 20. Qg3 Qxg3 21. hxg3
Ne7 22. Nd2 Bb6 23. Nb3 Rd8 24. Rfd1 f6 25. Rac1 a5 26. bxa5 Bxa5 27. Nxa5 Rxa5
28. Rc5 Bb7 29. Bc2 Raa8 30. Bb3 Rd6 31. f4 Bc8 32. f5 Kh8 33. Bxe6 Bxe6 34.
fxe6 Rxe6 35. d5 Rd6 36. Bc1 Ng6 37. Rd2 Ne5 38. dxc6 Rxc6 39. Rdc2 Rac8 40.
Rxc6 Rxc6 41. Rxc6 Nxc6 42. Kf2 Kg8 43. Ke3 Kf7 44. Bd2 Ke6 45. Kd3 f5 46. Bc3
fxe4+ 47. Kxe4 g5 48. g4 Nd8 49. Bg7 Nf7 50. Kd4 Kd6 51. Bf8+ Kc6 52. Ke4 Kd7
53. Kd5 Ke8 54. Bg7 Kd7 55. Kc5 Kc7 56. Kxb5 Kb7 57. Kc5 Kc7 58. Kd5 Kd7 59. a4
Ke7 60. a5 1-0

[Event "10. Open Internacional de Galapagar"]
[Site "Galapagar ESP"]
[Date "2009.07.18"]
[Round "1.20"]
[White "Diaz Begonte, Manuel"]
[Black "Arbunic Castro, Giovanna B"]
[Result "0-1"]
[WhiteElo "1828"]
[BlackElo "2105"]
[PlyCount "77"]
[EventDate "2009.07.18"]
[EventType "swiss"]
[EventRounds "9"]
[EventCountry "ESP"]
[Source "lmi"]
[SourceDate "2009.07.18"]

1. e4 d5 2. exd5 Qxd5 3. Nc3 Qa5 4. Bc4 Nf6 5. d3 Nc6 6. Bd2 Qe5+ 7. Qe2 e6 8.
Qxe5 Nxe5 9. Bb3 Bd7 10. Nge2 Bc6 11. O-O O-O-O 12. h3 h6 13. Bf4 Ng6 14. Be3
Nh4 15. f3 Nf5 16. Bf2 h5 17. Ng3 Nd4 18. Nge4 Be7 19. Ng5 Be8 20. Rfe1 Nh7 21.
Nxh7 Rxh7 22. Re4 Bf6 23. Kf1 Bc6 24. Ree1 g5 25. Ne4 Be7 26. c3 Nxb3 27. axb3
a6 28. d4 g4 29. Nd2 gxh3 30. gxh3 Rg7 31. Ra5 Bb5+ 32. c4 Bb4 33. Rxb5 axb5
34. Re2 e5 35. d5 bxc4 36. Nxc4 Rxd5 37. Rxe5 Rxe5 38. Nxe5 Bd6 39. Nc4 0-1

[Event "10. Open Internacional de Galapagar"]
[Site "Galapagar ESP"]
[Date "2009.07.18"]
[Round "1.21"]
[White "Anton Veiga, Juan Carlos"]
[Black "Garcia Ruiz Fuentes, Marcos"]
[Result "1-0"]
[WhiteElo "2139"]
[BlackElo "1812"]
[PlyCount "67"]
[EventDate "2009.07.18"]
[EventType "swiss"]
[EventRounds "9"]
[EventCountry "ESP"]
[Source "lmi"]
[SourceDate "2009.07.18"]

1. e4 c5 2. Nf3 d6 3. d4 cxd4 4. Nxd4 Nf6 5. Nc3 a6 6. Be3 e5 7. Nb3 Be6 8. f3
Nbd7 9. Qd2 b5 10. Qf2 Rc8 11. O-O-O Be7 12. g4 h6 13. Kb1 O-O 14. h4 Nh7 15.
Bd3 g5 16. hxg5 Bxg5 17. Rh5 f6 18. Rdh1 Rf7 19. Nd5 Bxd5 20. exd5 Ndf8 21.
Bxg5 hxg5 22. Qh2 Qc7 23. Bf5 Re8 24. Na5 Qxa5 25. Bxh7+ Nxh7 26. Rxh7 Kf8 27.
Rxf7+ Kxf7 28. Qh7+ Kf8 29. Qg6 Ke7 30. Qg7+ Kd8 31. Qxf6+ Kc8 32. Qxd6 e4 33.
fxe4 Rxe4 34. Rh8+ 1-0

[Event "10. Open Internacional de Galapagar"]
[Site "Galapagar ESP"]
[Date "2009.07.18"]
[Round "1.23"]
[White "Lorite Cruz, Francisco"]
[Black "Navarro Martin, Carlos"]
[Result "1-0"]
[WhiteElo "2120"]
[BlackElo "1803"]
[PlyCount "53"]
[EventDate "2009.07.18"]
[EventType "swiss"]
[EventRounds "9"]
[EventCountry "ESP"]
[Source "lmi"]
[SourceDate "2009.07.18"]

1. e4 e5 2. Nf3 Nc6 3. Bb5 Nf6 4. Qe2 a6 5. Ba4 Bc5 6. c3 b5 7. Bc2 d6 8. b4
Bb6 9. a4 Bd7 10. d3 h6 11. O-O O-O 12. Nbd2 d5 13. a5 Ba7 14. Rb1 Rb8 15. Bb2
Re8 16. Rfd1 Bg4 17. h3 Bh5 18. Nf1 Bxf3 19. Qxf3 d4 20. Ng3 dxc3 21. Bxc3 Nd4
22. Bxd4 Qxd4 23. Nf5 Qd8 24. Bb3 c5 25. Qg3 Nh5 26. Qg6 c4 27. Nxh6+ 1-0

[Event "10. Open Internacional de Galapagar"]
[Site "Galapagar ESP"]
[Date "2009.07.18"]
[Round "1.24"]
[White "Campomanes Rodriguez, Javier"]
[Black "Rodriguez de Castro, Ayar"]
[Result "0-1"]
[WhiteElo "1708"]
[BlackElo "2084"]
[PlyCount "102"]
[EventDate "2009.07.18"]
[EventType "swiss"]
[EventRounds "9"]
[EventCountry "ESP"]
[Source "lmi"]
[SourceDate "2009.07.18"]

1. d4 d5 2. c4 e6 3. Nc3 Nf6 4. Nf3 Be7 5. g3 Ne4 6. Bg2 c6 7. O-O O-O 8. Qc2
f5 9. b3 Bd7 10. Nd2 Be8 11. Bb2 Bg6 12. f3 Nf6 13. Qd1 Na6 14. a3 Qd7 15. e3
Rae8 16. Ne2 Bd6 17. Nf4 Bf7 18. Nd3 Qc7 19. c5 Be7 20. b4 Nb8 21. a4 Nbd7 22.
Nb3 Rb8 23. Qd2 h5 24. Ne5 Nxe5 25. dxe5 Nd7 26. f4 b6 27. Bd4 bxc5 28. Nxc5
Nxc5 29. bxc5 Rb7 30. Rfb1 Rfb8 31. Qe1 g5 32. Bf1 h4 33. Bd3 Bh5 34. Qc3 h3
35. a5 Kf8 36. a6 Rxb1+ 37. Rxb1 Rxb1+ 38. Bxb1 Be2 39. Bd3 Bxd3 40. Qxd3 Qa5
41. g4 fxg4 42. Qf1 Qd2 43. Qf2 Qd1+ 44. Qf1 Qxf1+ 45. Kxf1 Kf7 46. Kf2 Kg6 47.
Kg3 Kf5 48. Bc3 Bxc5 49. Bd4 Bxd4 50. exd4 gxf4+ 51. Kh4 f3 0-1

[Event "10. Open Internacional de Galapagar"]
[Site "Galapagar ESP"]
[Date "2009.07.18"]
[Round "1.25"]
[White "Torres Samper, Rafael"]
[Black "Garcia Burguillo, Javier"]
[Result "1-0"]
[WhiteElo "2052"]
[BlackElo "1746"]
[PlyCount "51"]
[EventDate "2009.07.18"]
[EventType "swiss"]
[EventRounds "9"]
[EventCountry "ESP"]
[Source "lmi"]
[SourceDate "2009.07.18"]

1. e4 d5 2. exd5 Qxd5 3. Nc3 Qa5 4. d4 Nf6 5. Nf3 Ne4 6. Bd2 Nxd2 7. Qxd2 Bf5
8. Bc4 e6 9. O-O Bd6 10. Rfe1 O-O 11. Ne5 c6 12. g4 Bg6 13. Nxg6 hxg6 14. Qe3
Qc7 15. Ne4 Nd7 16. Ng5 Bxh2+ 17. Kg2 Bf4 18. Nxe6 Bxe3 19. Nxc7 Rac8 20. Rxe3
Rxc7 21. Rh1 Rfc8 22. Re7 Rf8 23. Rd1 b6 24. d5 c5 25. d6 Rb7 26. Ba6 1-0

[Event "10. Open Internacional de Galapagar"]
[Site "Galapagar ESP"]
[Date "2009.07.18"]
[Round "1.26"]
[White "Santamaria Gago, Luis"]
[Black "Moreno Torrero, Javier"]
[Result "0-1"]
[WhiteElo "1794"]
[BlackElo "2124"]
[PlyCount "58"]
[EventDate "2009.07.18"]
[EventType "swiss"]
[EventRounds "9"]
[EventCountry "ESP"]
[Source "lmi"]
[SourceDate "2009.07.18"]

1. e4 c5 2. Nf3 d6 3. Be2 Nf6 4. d3 Nc6 5. c3 Rb8 6. O-O b5 7. a3 g6 8. b4 Bg7
9. bxc5 dxc5 10. Bb2 O-O 11. Nbd2 Nh5 12. Nb3 Qb6 13. Ng5 Nf4 14. Bf3 Rd8 15.
Be2 b4 16. axb4 cxb4 17. d4 bxc3 18. Bc4 cxb2 19. Bxf7+ Kh8 20. Rb1 Nxd4 21.
Nxd4 Bxd4 22. Kh1 Ba6 23. Qf3 Qf6 24. h4 Bxf1 25. Rxf1 b1=Q 26. Bc4 Qc2 27.
Nf7+ Kg7 28. Bd5 Qxh4+ 29. Kg1 Ne2+ 0-1

[Event "10. Open Internacional de Galapagar"]
[Site "Galapagar ESP"]
[Date "2009.07.18"]
[Round "1.27"]
[White "Moreno Rodriguez, Jose M"]
[Black "Ballesteros Jimenez, Miguel Angel"]
[Result "1-0"]
[WhiteElo "2101"]
[BlackElo "1738"]
[PlyCount "47"]
[EventDate "2009.07.18"]
[EventType "swiss"]
[EventRounds "9"]
[EventCountry "ESP"]
[Source "lmi"]
[SourceDate "2009.07.18"]

1. e4 c5 2. Nf3 g6 3. d4 Bg7 4. Nc3 Qa5 5. Be2 Nc6 6. Be3 Nf6 7. O-O Ng4 8. h3
Nxe3 9. fxe3 O-O 10. Rb1 d6 11. a3 a6 12. Bc4 Rb8 13. Ne2 b5 14. Bd5 Bb7 15. c3
Rfc8 16. dxc5 e6 17. Bxc6 Bxc6 18. Qxd6 Bxe4 19. Rbd1 Bf8 20. Qf4 Bc2 21. Rd7
f5 22. Nfd4 Qa4 23. Qe5 Re8 24. Qf6 1-0

[Event "10. Open Internacional de Galapagar"]
[Site "Galapagar ESP"]
[Date "2009.07.18"]
[Round "1.28"]
[White "Fernandez Bonilla, Marcangel"]
[Black "Rodriguez Perez, Angel Mariano"]
[Result "0-1"]
[WhiteElo "1730"]
[BlackElo "2019"]
[PlyCount "118"]
[EventDate "2009.07.18"]
[EventType "swiss"]
[EventRounds "9"]
[EventCountry "ESP"]
[Source "lmi"]
[SourceDate "2009.07.18"]

1. d4 d6 2. Nf3 g6 3. e4 Bg7 4. Bd3 c5 5. c3 cxd4 6. Nxd4 Nc6 7. Be3 Nf6 8. f3
Nd7 9. Nxc6 bxc6 10. Nd2 Ne5 11. Be2 O-O 12. O-O h5 13. Nc4 Nxc4 14. Bxc4 a5
15. Qd3 a4 16. Rfd1 Qa5 17. Bd4 Rb8 18. Bxg7 Kxg7 19. b4 Qb6+ 20. Qd4+ Qxd4+
21. Rxd4 a3 22. Rdd1 Be6 23. Bxe6 fxe6 24. Rab1 Rb6 25. Rb3 Ra8 26. Kf2 Kf6 27.
Ke3 Ra4 28. Rdb1 d5 29. Re1 e5 30. exd5 cxd5 31. Rd1 e6 32. Rdb1 Ke7 33. Kd3
Rc6 34. Re1 Kd6 35. Re2 Rc7 36. Rb1 Ra8 37. Rb3 g5 38. Rb1 g4 39. fxg4 hxg4 40.
h3 gxh3 41. gxh3 Rg7 42. Re3 Rg2 43. Re2 Rag8 44. Rbe1 R8g3+ 45. Kc2 Rxe2+ 46.
Rxe2 Rxh3 47. Kb3 d4 48. Kxa3 Rxc3+ 49. Kb2 Rc8 50. a4 Kd5 51. b5 e4 52. Rc2
Rb8 53. Rc7 e3 54. Kc2 Ke4 55. Rc6 d3+ 56. Kd1 e5 57. b6 Rh8 58. Kc1 d2+ 59.
Kd1 Rh1+ 0-1